LEADER 01254nam--2200385---450- 001 990003357120203316 005 20091210122256.0 010 $a88-8125-739-4 035 $a000335712 035 $aUSA01000335712 035 $a(ALEPH)000335712USA01 035 $a000335712 100 $a20091210d2005----km-y0itay50------ba 101 $aita 102 $aIT 105 $a||||||||001yy 200 1 $aIntroduzione alla pianificazione strategica in ambito pubblico$fFranco Archibugi 210 $aFirenze$cAlinea$dcopyr. 2005 215 $a264 p.$d24 cm 225 2 $aPianificazione territoriale, urbanistica ed ambientale$v18 410 0$12001$aPianificazione territoriale, urbanistica ed ambientale$v18 454 1$12001 461 1$1001-------$12001 606 0 $aAmministrazione pubblica$xProgrammazione 676 $a352.34 700 1$aARCHIBUGI,$bFranco$0437786 801 0$aIT$bsalbc$gISBD 912 $a990003357120203316 951 $aIII UR ARC 1(c/o stanza del prof. Bencardino)$b8066 DBC$cIII UR 959 $aBK 969 $aDBC 979 $aDBC$b90$c20091210$lUSA01$h1222 979 $aDBC$b90$c20091210$lUSA01$h1222 996 $aIntroduzione alla pianificazione strategica in ambito pubblico$91124121 997 $aUNISA LEADER 01389nas 2200469-a 450 001 996211756203316 005 20240413023423.0 035 $a(CKB)110978979592953 035 $a(CONSER)---92660507- 035 $a(EXLCZ)99110978979592953 100 $a19871222a19869999 --- a 101 0 $aeng 181 $ctxt$2rdacontent 182 $cc$2rdamedia 183 $acr$2rdacarrier 200 10$aAnnual report /$fthe Rockefeller Foundation 210 $aNew York, NY $cThe Foundation$d1986- 215 $a1 online resource 311 $aPrint version: Annual report / (DLC) 92660507 (DLC)sn 87022947 (OCoLC)17278169 1052-8881 531 $aROCKEFELLER FOUNDATION ANNUAL REPORT 531 0 $aAnnu. rep. - Rockefeller Found. 606 $aFOUNDATIONS$2unbist 606 $aUNITED STATES$2unbist 606 $aACTIVITIES$2unbist 606 $aFoundations 606 $aFinancing, Organized 606 $aTraining Support 608 $aPeriodicals.$2fast 608 $aPeriodicals.$2lcgft 608 $aAnnual Report. 615 7$aFOUNDATIONS. 615 7$aUNITED STATES. 615 7$aACTIVITIES. 615 12$aFoundations. 615 22$aFinancing, Organized. 615 22$aTraining Support. 676 $a361.7/63 906 $aJOURNAL 912 $a996211756203316 920 $aexl_impl conversion 996 $aAnnual report$9162222 997 $aUNISA